| 000 | 00617nam a2200217Ia 4500 | ||
|---|---|---|---|
| 005 | 20260429112304.0 | ||
| 008 | 260429s9999||||xx |||||||||||||| ||und|| | ||
| 020 | _a9783031525346 | ||
| 041 | _aEnglish | ||
| 082 |
_a330.0151 _bMIG |
||
| 100 | _aMignon, Valérie | ||
| 245 | 0 |
_aPrinciples of econometrics : _btheory and applications / _cValérie Mignon |
|
| 250 | _a1st ed. | ||
| 260 |
_aSwitzerland : _bSpringer, _c2024. |
||
| 300 | _axvii, 406p.; hb | ||
| 440 | _aClassrom Companion: Economics | ||
| 650 | _a Applied economics | ||
| 650 | _a Statistical methods | ||
| 650 | _aEconometrics | ||
| 942 | _cTB | ||
| 999 |
_c53334 _d53334 |
||